100 Biggest Cities in Modern-Day Warsaw Pact Countries on a Map - Statistics

General Stats
  • This quiz has been taken 2,747 times
  • The average score is 54 of 100
Answers on the Map
Answers color-coded by a green-red scale on the quiz's map according to % correct below.
 
Answer Stats
Population City % Correct
12,455,682 Moscow
99%
5,384,342 Saint Petersburg
98%
1,790,658 Warsaw
98%
1,485,692 Berlin
97%
1,752,286 Budapest
97%
1,883,425 Bucharest
96%
2,967,360 Kiev
96%
1,335,084 Prague
96%
1,242,568 Sofia
96%
627,487 Riga
94%
418,495 Tirana
92%
2,009,786 Minsk
91%
438,341 Tallinn
91%
470,907 Gdańsk
90%
779,115 Kraków
90%
1,229,100 Baku
88%
440,948 Bratislava
88%
1,017,699 Odessa
87%
559,250 Vilnius
87%
1,154,314 Tbilisi
84%
493,256 Kaliningrad
82%
1,091,700 Yerevan
82%
600,871 Vladivostok
81%
724,314 Lviv
79%
1,184,469 Nur-Sultan
79%
2,571,668 Tashkent
78%
556,780 Dresden
77%
1,443,207 Kharkiv
77%
403,893 Sevastopol
77%
908,456 Donetsk
74%
1,004,763 Volgograd
74%
593,145 Leipzig
73%
679,941 Łódź
73%
1,137,704 Rostov-on-Don
71%
1,977,011 Almaty
70%
1,031,992 Ashgabat
70%
1,059,137 Bishkek
70%
1,495,066 Yekaterinburg
69%
432,322 Sochi
68%
1,244,254 Nizhny Novgorod
67%
532,513 Chișinău
66%
863,400 Dushanbe
66%
642,869 Wrocław
66%
1,257,341 Kazan
64%
1,620,162 Novosibirsk
64%
990,724 Dnipro
62%
1,139,897 Omsk
61%
534,813 Poznań
60%
1,125,933 Ufa
58%
436,569 Mariupol'
57%
1,049,199 Perm
56%
401,297 Luhansk
55%
1,144,759 Samara
55%
617,515 Irkutsk
53%
401,907 Szczecin
53%
948,827 Krasnodar
52%
1,187,960 Chelyabinsk
50%
546,303 Samarkand
42%
1,050,602 Voronezh
42%
1,092,851 Krasnoyarsk
41%
524,371 Astrakhan
40%
507,795 Gomel
39%
568,508 Tomsk
39%
830,155 Saratov
38%
731,922 Zaporizhia
37%
450,977 Kursk
36%
467,955 Tula
32%
391,702 Belgorod
31%
601,403 Yaroslavl
31%
610,305 Khabarovsk
29%
572,819 Orenburg
29%
619,278 Kryvyi Rih
28%
480,080 Mykolaiv
28%
534,801 Ryazan
28%
693,072 Tolyatti
28%
604,266 Makhachkala
27%
424,969 Tver
27%
437,514 Ulan-Ude
26%
399,579 Bryansk
25%
454,488 Stavropol
24%
816,700 Tyumen
24%
625,462 Ulyanovsk
22%
646,468 Izhevsk
21%
401,505 Ivanovo
20%
521,091 Kirov
20%
516,450 Penza
20%
1,074,167 Shymkent
20%
503,216 Lipetsk
19%
413,251 Magnitogorsk
18%
631,124 Barnaul
17%
552,546 Kemerovo
17%
512,452 Aktobe
13%
495,810 Cheboksary
12%
532,074 Naberezhnye Chelny
12%
500,882 Karagandy
11%
544,583 Novokuznetsk
11%
387,235 Surgut
11%
626,120 Namangan
10%
441,700 Andijan
8%
507,307 Balashikha
8%
No matching quizzes found
Score Distribution
Percent of People with Each Score
Percentile by Number Answered
Your Score History
You have not taken this quiz